| 000 | 00471nam a2200133Ia 4500 | ||
|---|---|---|---|
| 008 | 160809s9999 xx 000 0 und d | ||
| 100 | _aAlexandersson, Ulla. | ||
| 245 | _aINCLUSION IN PRACTICE: SOFIA´S SITUATIONS FOR INTERACTION | ||
| 245 | _cUlla Alexandersson University of Gothenburg. | ||
| 260 | _bInternational Journal of Special Education | ||
| 260 | _c2011 | ||
| 650 | _xSPECIAL EDUCATION | ||
| 856 | _uhttp://www.internationaljournalofspecialed.com/issues.php | ||
| 999 |
_c300430 _d300430 |
||